სამშენებლო წარმოების ტექნოლოგია ამოცანათა კრებული სანიმუშო ამოცანების ამოხსნით ნაწ. 2 / (ბიბ.ჩანაწერი № 39047)
[ მარტივი ფორმატი ]
| 000 -ლიდერი | |
|---|---|
| ფიქსირებული სიგრძის საკონტროლო ველი | 01306nam a2200241Ia 4500 |
| 001 - საკონტროლო ნომერი | |
| საკონტროლო ველი | 5568 |
| 003 - საკონტროლო ნომრის იდენტიფიკატორი | |
| საკონტროლო ველი | GE_BSU |
| 005 - ბოლო ოპერაციის თარიღი და დრო | |
| საკონტროლო ველი | 20190604141550.0 |
| 008 - ფიქსირებული სიგრძის მონაცემთა ელემენტები - ზოგადი ინფორმაცია | |
| ფიქსირებული სიგრძის საკონტროლო ველი | 181216s1977||||ge |||||||||||||| ||geo|| |
| 040 ## - კატალოგიზაციის წყარო | |
| Transcribing agency | GE_BSU |
| 041 ## - ენის კოდი | |
| Language code of text/sound track or separate title | geo |
| 080 ## - უნივერსალური ათობითი კლასიფიკაციის ინდექსი | |
| Universal Decimal Classification number | 69.05(076) ს-24 |
| 245 ## - ცნობა სათაურის შესახებ | |
| Title | სამშენებლო წარმოების ტექნოლოგია ამოცანათა კრებული სანიმუშო ამოცანების ამოხსნით ნაწ. 2 / |
| Statement of responsibility, etc | შ. ბაქანიძე, ზ. ეზუგბაია, ფ. თოდუა, გ. იოსებაშვილი ; რედ. მ. ძიძიგური. |
| 264 ## - წარმოების, გამოცემის, დისტრიბუციის და სხვა ცნობები | |
| გამოცემის, წარმოების, დისტრიბუციის... ადგილი | თბილისი : |
| გამოცემის, წარმოების, დისტრიბუციის... სახელწოდება | ტექნიკური უნივერსიტეტი, |
| გამოცემის, წარმოების, დისტრიბუციის... თარიღი | 1977. |
| 300 ## - ფიზიკური აღწერა | |
| Extent | 89 გვ.; |
| Dimensions | 20 სმ. |
| 504 ## - BIBLIOGRAPHY, ETC. NOTE | |
| Bibliography, etc | ბიბლიოგრ. : გვ.86-87. |
| 653 ## - INDEX TERM--UNCONTROLLED | |
| Uncontrolled term | სამშენებლო წარმოების ტექნოლოგია |
| 700 ## - ADDED ENTRY--PERSONAL NAME | |
| Personal name | ბაქანიძე, შ. |
| Relator term | ავტორი |
| 9 (RLIN) | 1607 |
| 700 ## - ADDED ENTRY--PERSONAL NAME | |
| Personal name | ეზუგბაია, ზ. |
| Relator term | ავტორი |
| 9 (RLIN) | 1608 |
| 700 ## - ADDED ENTRY--PERSONAL NAME | |
| Personal name | თოდუა, ფ. |
| Relator term | ავტორი |
| 9 (RLIN) | 1630 |
| 700 ## - ADDED ENTRY--PERSONAL NAME | |
| Personal name | იოსებაშვილი, გ. |
| Relator term | ავტორი |
| 9 (RLIN) | 1631 |
| 942 ## - ADDED ENTRY ELEMENTS (KOHA) | |
| Koha item type | წიგნი |
| Source of classification or shelving scheme | |
| ჩამოწერის სტატუსი | დაკარგული ეგზემპლარის სტატუსი | კლასიფიკაციის წყარო ან თაროზე გაწყობის სქემა | დაზიანების სტატუსი | არ გაიცემა | მუდმივი მდებარეობა (დაცვის ადგილი) | ამჟამინდელი ადგილსამყოფელი | თაროზე განთავსების ადგილი | შეძენის თარიღი | სრული შენახვის შიფრი | შტრიხკოდი | ბოლო ოპერაციის თარიღი | ეგზემპლარის მიმდევრობითი ნომერი (კეტერი?) | ფასის ძალაში შესვლის თარიღი | ეგზემპლარის სახეობა |
|---|---|---|---|---|---|---|---|---|---|---|---|---|---|---|
| ტექნოლოგიური ფაკულტეტის ბიბლიოთეკა | ტექნოლოგიური ფაკულტეტის ბიბლიოთეკა | წიგნსაცავი | 2018-12-17 | 69.05(076) ს-24 | 11976 | 2018-12-17 | 11976 | 2018-12-17 | წიგნი | |||||
| ტექნოლოგიური ფაკულტეტის ბიბლიოთეკა | ტექნოლოგიური ფაკულტეტის ბიბლიოთეკა | წიგნსაცავი | 2018-12-17 | 69.05(076) ს-24 | 11977 | 2018-12-17 | 11977 | 2018-12-17 | წიგნი | |||||
| ტექნოლოგიური ფაკულტეტის ბიბლიოთეკა | ტექნოლოგიური ფაკულტეტის ბიბლიოთეკა | წიგნსაცავი | 2018-12-17 | 69.05(076) ს-24 | 11978 | 2018-12-17 | 11978 | 2018-12-17 | წიგნი | |||||
| ტექნოლოგიური ფაკულტეტის ბიბლიოთეკა | ტექნოლოგიური ფაკულტეტის ბიბლიოთეკა | წიგნსაცავი | 2018-12-17 | 69.05(076) ს-24 | 11979 | 2018-12-17 | 11979 | 2018-12-17 | წიგნი | |||||
| ტექნოლოგიური ფაკულტეტის ბიბლიოთეკა | ტექნოლოგიური ფაკულტეტის ბიბლიოთეკა | წიგნსაცავი | 2018-12-17 | 69.05(076) ს-24 | 11980 | 2018-12-17 | 11980 | 2018-12-17 | წიგნი | |||||
| ტექნოლოგიური ფაკულტეტის ბიბლიოთეკა | ტექნოლოგიური ფაკულტეტის ბიბლიოთეკა | წიგნსაცავი | 2018-12-17 | 69.05(076) ს-24 | 11981 | 2018-12-17 | 11981 | 2018-12-17 | წიგნი | |||||
| ტექნოლოგიური ფაკულტეტის ბიბლიოთეკა | ტექნოლოგიური ფაკულტეტის ბიბლიოთეკა | წიგნსაცავი | 2019-06-04 | 69.05(076) ს-24 | 12085 | 2019-06-04 | 12085 | 2019-06-04 | წიგნი | |||||
| ტექნოლოგიური ფაკულტეტის ბიბლიოთეკა | ტექნოლოგიური ფაკულტეტის ბიბლიოთეკა | წიგნსაცავი | 2019-06-04 | 69.05(076) ს-24 | 12086 | 2019-06-04 | 12086 | 2019-06-04 | წიგნი | |||||
| ტექნოლოგიური ფაკულტეტის ბიბლიოთეკა | ტექნოლოგიური ფაკულტეტის ბიბლიოთეკა | წიგნსაცავი | 2019-06-04 | 69.05(076) ს-24 | 12087 | 2019-06-04 | 12087 | 2019-06-04 | წიგნი | |||||
| ტექნოლოგიური ფაკულტეტის ბიბლიოთეკა | ტექნოლოგიური ფაკულტეტის ბიბლიოთეკა | წიგნსაცავი | 2019-06-04 | 69.05(076) ს-24 | 12088 | 2019-06-04 | 12088 | 2019-06-04 | წიგნი |
